100 beste Fußballer 2023 (Fair) - Statistiken

Allgemein
  • Dieses Quiz wurde 1.192 mal gespielt
  • Das Durchschnittsergebnis liegt bei 50 aus 100
Antwortstatistiken
Hint Antwort % Korrekt
Manchester City Haaland
98%
PSG Mbappe
97%
Inter Miami Messi
96%
Bayern München Kane
93%
Al Nassr Ronaldo
92%
Liverpool Salah
92%
Real Madrid Vinicius
92%
Real Madrid Bellingham
85%
Manchester City De Bruyne
85%
Barcelona Lewandowski
83%
Bayern München Musiala
81%
Al Ittihad Benzema
80%
Bayern München Kimmich
80%
Manchester City Rodri
79%
Atlético Madrid Griezmann
78%
Leverkusen Wirtz
77%
Aston Villa | Inter Mailand Martinez
76%
Bayern München Sane
76%
Manchester City Foden
75%
Real Madrid Kroos
75%
Arsenal Saka
75%
Real Madrid Modric
73%
Tottenham Son
73%
Neapel Osimhen
72%
Barcelona Pedri
72%
Real Madrid Rodrygo
71%
Manchester City Ederson
70%
Barcelona Gavi
67%
Liverpool Van Dijk
66%
Barcelona Ter Stegen
64%
Real Madrid Rüdiger
63%
Arsenal Ødegaard
60%
Manchester City Silva
60%
Manchester City Dias
59%
AC Mailand Leao
59%
Liverpool Alisson
58%
Real Madrid Courtois
56%
Manchester City Grealish
55%
Barcelona Gündogan
55%
Manchester City Walker
55%
Neapel Kvaratskhelia
54%
Barcelona De Jong
53%
Bayern München Davies
51%
Arsenal Rice
51%
Leverkusen Xhaka
51%
Real Madrid Camavinga
50%
Stuttgart Guirassy
50%
AS Rom Lukaku
50%
Manchester City Alvarez
49%
Leverkusen Grimaldo
49%
Real Madrid Valverde
47%
Manchester United Fernandes
46%
Arsenal Saliba
46%
Manchester City Stones
46%
Real Madrid Alaba
45%
Inter Mailand Barella
45%
Leverkusen Boniface
45%
Newcastle Isak
44%
Real Madrid Tchouaméni
44%
Arsenal Martinelli
42%
Liverpool Nunez
42%
Manchester United Rashford
42%
RB Leipzig Simons
42%
Liverpool Diaz
41%
Arsenal Jesus
41%
Barcelona Araujo
40%
Manchester City Gvardiol
39%
AC Mailand Hernández
37%
Atlético Madrid Oblak
35%
RB Leipzig Openda
34%
Inter Mailand Bastoni
32%
AC Mailand Giroud
32%
PSG Hakimi
32%
Liverpool Mac Allister
32%
Al Ahli Mahrez
30%
Aston Villa Watkins
28%
Liverpool Arnold
27%
Inter Mailand Dimarco
27%
Manchester United Onana
26%
Inter Mailand Thuram
26%
Inter Mailand Calhanoglu
25%
PSG Kolo Muani
25%
AC Mailand Maignan
25%
Atlético Madrid Morata
25%
Liverpool Szoboszlai
25%
Benfica Di María
24%
Chelsea Fernández
24%
Bayern München Kim Min Jae
21%
Newcastle Guimarães
18%
Newcastle Trippier
18%
Tottenham Maddison
17%
Brighton Mitoma
17%
Al Nassr Brozovic
16%
Inter Mailand Dumfries
16%
Feyenoord Giménez
16%
Tottenham Romero
16%
PSG Zaïre Emery
9%
Al Hilal Bounou
7%
Fluminense Rio de Janeiro Cano
3%
Keine übereinstimmenden Quizze gefunden
Verteilung der Resultate
Anzahl Personen mit jedem Resultat
Perzentil nach korrekt beantworteten Fragen
Ihre Resultats-Entwicklung
Sie haben dieses Quiz noch nicht gespielt